| 000 | 00396nam a2200181Ia 4500 | ||
|---|---|---|---|
| 003 | 0STCL | ||
| 008 | 150530s9999 xx 000 0 und d | ||
| 040 |
_aSTCL _cSTCL |
||
| 100 | _aNair, S.K. | ||
| 245 | _aSachivapratigna | ||
| 250 | _a2 | ||
| 260 |
_bPoorna; Calicut _c1977 _aCalicut |
||
| 300 | _a0 | ||
| 546 | _aMalayalam | ||
| 942 |
_2ddc _cBK |
||
| 999 |
_c50074 _d50074 |
||
| 005 | 20220125170814.0 | ||